000 00877nam a22002531 4500
001 176851
003 ES-MaACL
005 20230906220210.0
008 110215s1962 sp af ||||0| spa d
080 _a75 Chagall, Marc
100 1 _aGenauer, Emily.
_9145190
245 1 0 _aMarc Chagall /
_ctexto de Emily Genauer ; traducción de R. S. Torroella.
260 _aBarcelona :
_bTimun Mas,
_c1962.
300 _a[1] h. , [72] p. :
_bil. , lám. col. y n. , algunas pleg. ;
_c18 cm.
490 1 _aEl libro de arte de bolsillo
500 _aEncuadernado con otros títulos.
504 _aBibliografía: p. [72]
597 _aEn el lomo: Tomos XVI-XIX.
600 0 4 _aChagall, Marc.
_937784
700 1 _aSantos Torroella, Rafael.
_9103536
830 0 _aEl libro de arte de bolsillo
_9183601
852 _aES-MaACL
_jE-14308 (19)
_xOlim P-144
999 _c176851
_d176851